<?xml version="1.0" encoding="UTF-8"?>
<collection xmlns="http://www.loc.gov/MARC21/slim">
 <record>
  <leader>01111nam a2200181Ia 4500</leader>
  <controlfield tag="001">CTU_22937</controlfield>
  <controlfield tag="008">210402s9999    xx            000 0 und d</controlfield>
  <datafield tag="082" ind1=" " ind2=" ">
   <subfield code="a">398.0951</subfield>
  </datafield>
  <datafield tag="082" ind1=" " ind2=" ">
   <subfield code="b">Ph305</subfield>
  </datafield>
  <datafield tag="100" ind1=" " ind2=" ">
   <subfield code="a">Cao Quốc Phiên</subfield>
  </datafield>
  <datafield tag="245" ind1=" " ind2="0">
   <subfield code="a">Dân tục học Trung Quốc cổ</subfield>
  </datafield>
  <datafield tag="245" ind1=" " ind2="0">
   <subfield code="c">Cao Quốc Phiên</subfield>
  </datafield>
  <datafield tag="260" ind1=" " ind2=" ">
   <subfield code="a">Hà Nội</subfield>
  </datafield>
  <datafield tag="260" ind1=" " ind2=" ">
   <subfield code="b">VHTT</subfield>
  </datafield>
  <datafield tag="260" ind1=" " ind2=" ">
   <subfield code="c">1998</subfield>
  </datafield>
  <datafield tag="520" ind1=" " ind2=" ">
   <subfield code="a">Sách hệ thống hóa và mô tả lại một cách chi tiết và chuẩn xác về các tập tục dân gian Trung Hoa thời cổ đại. Nó chắt lọc ra những phong tục chủ yếu trong phong tục dân gian Đôn Hoàng, khái quát lên diện mạo kỳ dị trong phong tục dân gian, thể hiện qua việc trừ tà, tiến dạ hồ, đốt đèn, tắm Phật, cúng trăng, viết kinh, 49 ngáy, điềm báo, điệu hát dân gian, tình ái, du lịch, xây cất, xem tướng, phù chú, xem số mệnh...</subfield>
  </datafield>
  <datafield tag="650" ind1=" " ind2=" ">
   <subfield code="a">folklore, china</subfield>
  </datafield>
  <datafield tag="980" ind1=" " ind2=" ">
   <subfield code="a">Trung tâm Học liệu Trường Đại học Cần Thơ</subfield>
  </datafield>
 </record>
</collection>
